000 00519nmm a2200145Ia 4500
008 251105s9999||||xx |||||||||||||||||und||
041 _aspa
100 _aLópez Rodríguez, María Esther
245 0 _aCruzar la línea :
_b Mujeres gitanas, entre la identidad cultural y la identidad de género
264 _a[Madrid, España] :
_bPrensas Universitarias de Zaragoza,
_c2019
300 _a264 páginas
650 _aGender and Women Studies
856 _uhttps://public.digitaliapublishing.com/a/66413
942 _cCF
999 _c106637
_d106637